| 000 -LEADER |
| fixed length control field |
01011cam a22003378a 4500 |
| 020 ## - INTERNATIONAL STANDARD BOOK NUMBER |
| ISBN |
0072317841 |
| 020 ## - INTERNATIONAL STANDARD BOOK NUMBER |
| ISBN |
9780072317848 |
| 020 ## - INTERNATIONAL STANDARD BOOK NUMBER |
| ISBN |
0071180737 (INTERNATIONAL ED) |
| 020 ## - INTERNATIONAL STANDARD BOOK NUMBER |
| ISBN |
9780071180733 (INTERNATIONAL ED) |
| 020 ## - INTERNATIONAL STANDARD BOOK NUMBER |
| ISBN |
0072317868 |
| 020 ## - INTERNATIONAL STANDARD BOOK NUMBER |
| ISBN |
9780072317862 |
| 040 ## - CATALOGING SOURCE |
| Transcribing agency |
NLM |
| 082 ## - DEWEY DECIMAL CLASSIFICATION NUMBER |
| Classification number |
547 MCG 2001 A026 Or. |
| 100 1# - MAIN ENTRY--AUTHOR NAME |
| Personal name |
Denniston, K. J. |
| 245 10 - TITLE STATEMENT |
| Title |
General, organic, and biochemistry / |
| 250 ## - EDITION STATEMENT |
| Edition statement |
3rd ed. |
| 260 ## - PUBLICATION, DISTRIBUTION, ETC. (IMPRINT) |
| Place of publication |
Boston : |
| Name of publisher |
McGraw Hill, |
| Year of publication |
c2001. |
| 300 ## - PHYSICAL DESCRIPTION |
| Number of Pages |
p. ; |
| Dimensions |
cm. |
| 500 ## - GENERAL NOTE |
| General note |
Rev. ed. of: Principles & applications of organic & biological chemistry / Robert L. Caret, Katherine J. Denniston, Joseph J. Topping. 2nd ed. c1997. |
| 500 ## - GENERAL NOTE |
| General note |
Includes index. |
| 650 #0 - SUBJECT ADDED ENTRY--TOPICAL TERM |
| Topical Term |
Chemistry. |
| 650 #0 - SUBJECT ADDED ENTRY--TOPICAL TERM |
| Topical Term |
Biochemistry. |
| 650 #0 - SUBJECT ADDED ENTRY--TOPICAL TERM |
| Topical Term |
Chemistry, Organic. |
| 650 12 - SUBJECT ADDED ENTRY--TOPICAL TERM |
| Topical Term |
Chemistry. |
| 650 22 - SUBJECT ADDED ENTRY--TOPICAL TERM |
| Topical Term |
Biochemistry. |
| 650 22 - SUBJECT ADDED ENTRY--TOPICAL TERM |
| Topical Term |
Chemistry, Organic. |
| 700 1# - ADDED ENTRY--PERSONAL NAME |
| Personal name |
Topping, Joseph J. |
| 700 1# - ADDED ENTRY--PERSONAL NAME |
| Personal name |
Caret, Robert L., |
| 700 1# - ADDED ENTRY--PERSONAL NAME |
| Personal name |
Caret, Robert L., |
| 942 ## - ADDED ENTRY ELEMENTS (KOHA) |
| Koha item type |
សៀវភៅភាសាអង់គ្លេស |
| 952 ## - LOCATION AND ITEM INFORMATION (KOHA) |
| Withdrawn status [LOCAL, KOHA] |
0 |